000 01358nam0a2200301 4500
001 RU\NLR\bibl\897001
005 20260407092254.0
010 _a5-98269-015-5
_9120
021 _aRU
_b2005-78188
_93857
035 _a(NLR Aleph) 000885459
090 _a1685424
_c1685424
100 _a20060116d2005 |||y0rusy50 ca
101 0 _arus
102 _aRU
105 _ay |||||||||
200 1 _aРусский язык
_eсхемы и образцы анализа
_eучебное пособие
_fГос. ин-т рус. яз. им. А.С. Пушкина
_g[Константинова А.Ю. [и др.]
205 _a2-е изд., испр.
210 _aМосква
_cГосударственный институт русского языка
_d2005
215 _a118, [1] c.
_d21
606 1 _aРусский язык
_jУчебные издания для высших учебных заведений
_xЛингвистический анализ
_92408189
_3RU\NLR\auth\661435049
686 _aШ141.12-923
702 1 _aКонстантинова
_bА. Ю.
_4220
712 0 2 _4570
_aГосударственный институт русского языка им. А. С. Пушкина
_cМосква
_3RU\NLR\AUTH\8818515
_9310265
801 0 _aRU
_bNLR
_c20060116
_grcr
801 1 _aRU
_bNLR
_c20060116
942 _cBOOK
980 _aNB